000 00825cas a22002175 4500
001 E148949
008 091202c2008 xxkqr w 0 a0eng u
035 _a(Sirsi) u148949
041 0 _aeng
050 _a333.33 $2 18
110 2 _aCB Richard Ellis
_93675
245 0 0 _aInvestment Research Quarterly
_h[electronic resource]
260 _aCBRE
_c2008-
362 0 _aFirst Quarter 2008-
520 _aDiscusses various issues related to international property investment and commercial property markets.
554 _aFour per year
651 4 _aInternational
690 _aPROPERTY-COMMERCIAL PROPERTY-COMMERCIAL PROPERTY MARKET
856 4 0 _uhttps://www.cbreinvestors.com/netroot/cylinder_templates/cylinder_display2.aspx?cyl_id=264#
_zView the publication free of charge at www.cbreinvestors.com...
942 _n0
999 _c119246
_d119246